UBT Library

PLANNING IMPLEMENTING AND EVALUATING (Record no. 58605)

000 -LEADER
fixed length control field 00328nam a22001457a 4500
008 - FIXED-LENGTH DATA ELEMENTS--GENERAL INFORMATION
fixed length control field 221019b ||||| |||| 00| 0 eng d
020 ## - INTERNATIONAL STANDARD BOOK NUMBER
International Standard Book Number 9780826197900
041 ## - LANGUAGE CODE
Language code of text/sound track or separate title eng
080 ## - UNIVERSAL DECIMAL CLASSIFICATION NUMBER
Universal Decimal Classification number 610.73
082 ## - DEWEY DECIMAL CLASSIFICATION NUMBER
Classification number 610.73
100 ## - Rafti
Rafti 8
101 ## - Shkurtesa
Shkurtesa INF
245 ## - TITLE STATEMENT
Title PLANNING IMPLEMENTING AND EVALUATING
Statement of responsibility, etc DYKES P
942 ## - ADDED ENTRY ELEMENTS (KOHA)
Source of classification or shelving scheme
Item type Books
Holdings
Withdrawn status Lost status Source of classification or shelving scheme Damaged status Not for loan Collection code Permanent location Current location Date acquired Total Checkouts Full call number Barcode Date last seen Price effective from Koha item type
          Koleksioni i përgjithshem UBT - Lipjan UBT - Lipjan 10/19/2022   610.73 DYK 002-800028700260226 10/19/2022 10/19/2022 Books
UBT Library © 2015-2024. All rights reserved University Education for Business and Technology